<?xml version="1.0" encoding="UTF-8"?>
<record
    xmlns:xsi="http://www.w3.org/2001/XMLSchema-instance"
    xsi:schemaLocation="http://www.loc.gov/MARC21/slim http://www.loc.gov/standards/marcxml/schema/MARC21slim.xsd"
    xmlns="http://www.loc.gov/MARC21/slim">

  <leader>004770c  a2200145   4500</leader>
  <controlfield tag="001">aBCSN004395</controlfield>
  <controlfield tag="008">a       1952                        spa</controlfield>
  <datafield tag="050" ind1=" " ind2=" ">
    <subfield code="a">F1208</subfield>
    <subfield code="b">O82 1952</subfield>
  </datafield>
  <datafield tag="100" ind1=" " ind2=" ">
    <subfield code="a">Otero, Mariano</subfield>
  </datafield>
  <datafield tag="245" ind1=" " ind2=" ">
    <subfield code="a">Ensayos sobre el verdadero estado de la cuesti&#xF3;n social ypol&#xED;tica que se agita en la Rep&#xFA;blica Mexicana /</subfield>
    <subfield code="c">Mariano Otero.</subfield>
  </datafield>
  <datafield tag="260" ind1=" " ind2=" ">
    <subfield code="a">Guadalajara, Jal. :</subfield>
    <subfield code="b">I.T.G.,</subfield>
    <subfield code="c">1952</subfield>
  </datafield>
  <datafield tag="300" ind1=" " ind2=" ">
    <subfield code="a">161 p.</subfield>
  </datafield>
  <datafield tag="440" ind1=" " ind2=" ">
    <subfield code="a">Biblioteca jalisciense ; 1</subfield>
  </datafield>
  <datafield tag="942" ind1=" " ind2=" ">
    <subfield code="2">lcc</subfield>
    <subfield code="c">LIB</subfield>
  </datafield>
  <datafield tag="999" ind1=" " ind2=" ">
    <subfield code="c">52608</subfield>
    <subfield code="d">52608</subfield>
  </datafield>
  <datafield tag="952" ind1=" " ind2=" ">
    <subfield code="1">0</subfield>
    <subfield code="2">lcc</subfield>
    <subfield code="4">0</subfield>
    <subfield code="7">0</subfield>
    <subfield code="a">BACH-003</subfield>
    <subfield code="b">BACH-003</subfield>
    <subfield code="c">GENERAL</subfield>
    <subfield code="d">2015-08-18</subfield>
    <subfield code="k">EH</subfield>
    <subfield code="o">F1208 O82 1952</subfield>
    <subfield code="p">BPCS000001578</subfield>
    <subfield code="r">2015-08-18 00:00:00</subfield>
    <subfield code="t">C : 1</subfield>
    <subfield code="y">LIB</subfield>
  </datafield>
</record>
